Shimriti : (Record no. 11077)
[ view plain ]
| 000 -LEADER | |
|---|---|
| fixed length control field | 02123nam a22001817a 4500 |
| 008 - FIXED-LENGTH DATA ELEMENTS--GENERAL INFORMATION | |
| fixed length control field | 250903b ||||| |||| 00| 0 spa d |
| 020 ## - INTERNATIONAL STANDARD BOOK NUMBER | |
| International Standard Book Number | 950-07-2440-5 |
| 040 ## - CATALOGING SOURCE | |
| Original cataloging agency | AR-FvUNAJ |
| Modifying agency | AR-FvUNAJ |
| Description conventions | aacr2 |
| 082 14 - DEWEY DECIMAL CLASSIFICATION NUMBER | |
| Edition number | 14 |
| Classification number | 158.1 |
| 100 1# - MAIN ENTRY--PERSONAL NAME | |
| 9 (RLIN) | 21885 |
| Personal name | Bucay, Jorge |
| 245 10 - TITLE STATEMENT | |
| Title | Shimriti : |
| Remainder of title | de la ignorancia a la sabiduría / |
| Statement of responsibility, etc | Jorge Bucay. |
| 260 ## - PUBLICATION, DISTRIBUTION, ETC. (IMPRINT) | |
| Place of publication, distribution, etc | Buenos Aires : |
| Name of publisher, distributor, etc | Sudamericana, |
| Date of publication, distribution, etc | 2003. |
| 300 ## - PHYSICAL DESCRIPTION | |
| Extent | 223 p. |
| 520 ## - SUMMARY, ETC. | |
| Summary, etc | Este no es un libro más de Jorge Bucay. Tampoco el principal. Shimriti. Un viaje en tren de la ignorancia a la sabiduría está presente en cada libro suyo anterior y estará, quizá, en aquellos que escriba en el futuro. Poca gente sintoniza con un buscador de sabiduría, porque estees siempre impredecible, no deja que confíes en él quizá no satisfaga ninguna de tus esperanzas pero después de ofenderte, de defraudarte, de inquietarte y de lastimarte... poco a poco, te despertará a la experiencia de la libertad.Puede resultar molesto, pero no hay otra manera para este autor que ponerte de cara al compromiso con tu propia vida. Todos somos sostiene ignorantes, buscadores, conocedores, y de alguna manera tenemos un sabio interior que, si lo escucháramos, nos diría: Tu mayor responsabilidad no está orientada hacia el afuera sino hacia ti mismo, para que alumbres tu vida con tu propia luz. Ese es tu compromiso más grande, dondequiera que vayas, con quienquiera que estés, porque ese eres tú.Shimriti emprende un viaje en tren que va transformando el conocimiento de sí misma. Comprende que la sabiduría no es adquisición de datos y que la verdad es un don sólo a disposición de quienes son verdaderos. En cada uno de sus libros, Bucay opera un desvío precisamente allí donde los procedimientos tradicionales de autoayuda fracasan: la receta mágica, la respuesta única, la supuesta solemnidad, la construcción deun lector creyente. Aquí dramatiza, desarma y rearma con desenfado y profundidad la escena del saber, abriendo su camino a quien quierarecorrerlo. |
| 650 #0 - SUBJECT ADDED ENTRY--TOPICAL TERM | |
| 9 (RLIN) | 9049 |
| Topical term or geographic name as entry element | AUTOAYUDA |
| 942 ## - ADDED ENTRY ELEMENTS (KOHA) | |
| Source of classification or shelving scheme | Dewey Decimal Classification |
| Item type | Libro, folleto, traducción |
| 980 ## - EQUIVALENCE OR CROSS-REFERENCE-SERIES STATEMENT--PERSONAL NAME/TITLE [LOCAL, CANADA] | |
| Linkage | 2 |
| Personal name | Virginia Figueroa |
| Field link and sequence number | 2 |
| Miscellaneous information | Virginia Figueroa |
| Withdrawn status | Lost status | Source of classification or shelving scheme | Damaged status | Not for loan | Home library | Current library | Date acquired | Source of acquisition | Total Checkouts | Full call number | Barcode | Date last seen | Price effective from | Koha item type |
|---|---|---|---|---|---|---|---|---|---|---|---|---|---|---|
| Dewey Decimal Classification | Biblioteca Central | Biblioteca Central | 03/09/2025 | Donación | 158.1 BUC | UNAJ25090012 | 03/09/2025 | 03/09/2025 | Libro, folleto, traducción |